000 00461nam a2200181Ia 4500
005 20250508151845.0
008 008 250505s9999 xx 000 0 eng d
037 _aTextual
040 _aFEDL
_beng
_cFEDL
041 _aeng
_2eng
084 _a539.76, NEU
_qFEDL
100 _aNeurath Marie
245 0 _aInside the atom
260 _aLondon, UK
_bMax Parrish
300 _a36p.
942 _cTEXL
_h539.76, NEU
999 _c1332542
_d1332542